000 00324nam a2200133Ia 4500
008 240624s9999 xx 000 0 und d
041 _aeng
082 _a332.6 GRA
100 _aGRAHAM BENJAMIN
245 _aINTELLIGENT INVESTOR
260 _c2003
_aNew York
_bHarperCollins Publishers
300 _axiv, : 623p.
365 _c
999 _c4067
_d4067